Capitals of Europe - North to South - Statistics

General Stats
  • This quiz has been taken 34 times
  • The average score is 36 of 45
Answers on the Map
Answers color-coded by a green-red scale on the quiz's map according to % correct below.
 
Answer Stats
Latitude Answer % Correct
60.1699° N Helsinki
100%
59.9122° N Oslo
100%
64.1470° N Reykjavik
100%
52.3676° N Amsterdam
88%
52.5200° N Berlin
88%
48.1478° N Bratislava
88%
50.8477° N Brussels
88%
47.4979° N Budapest
88%
47.0105° N Chisinau
88%
55.6761° N Copenhagen
88%
50.4504° N Kyiv
88%
51.5072° N London
88%
49.6123° N Luxembourg
88%
53.9006° N Minsk
88%
55.7569° N Moscow
88%
48.8575° N Paris
88%
50.0755° N Prague
88%
56.9677° N Riga
88%
59.3327° N Stockholm
88%
59.4370° N Tallinn
88%
48.2081° N Vienna
88%
54.6872° N Vilnius
88%
52.2297° N Warsaw
88%
46.9480° N Bern
81%
53.3498° N Dublin
81%
47.1411° N Vaduz
81%
46.0569° N Ljubljana
75%
44.8125° N Belgrade
69%
44.4268° N Bucharest
69%
38.7223° N Lisbon
69%
40.4167° N Madrid
69%
43.7308° N Monaco
69%
42.4304° N Podgorica
69%
42.6673° N Pristina
69%
41.993° N Rome
69%
43.9356° N San Marino
69%
43.8563° N Sarajevo
69%
42.6977° N Sofia
69%
41.3275° N Tirana
69%
45.8150° N Zagreb
69%
42.5063° N Andorra la Vella
63%
37.9838° N Athens
63%
35.8992° N Valletta
63%
41.9029° N Vatican City
63%
41.9981° N Skopje
56%
No matching quizzes found
Score Distribution
Percent of People with Each Score
Percentile by Number Answered
Your Score History
You have not taken this quiz